000 00538nam a2200181Ia 4500
003 GCL
008 140319s9999 xx 000 0 ara d
040 _aGCL /
_cGCL
082 0 4 _a822.008
_bو ح
100 1 _aوليامز, تينسى
245 1 0 _aالحيوانات الزجاجية /
_cوليامز, تينسى
700 1 _aصلاح عزالدين (مترجم)
300 _a114 ص
490 _a
650 0 4 _aالادب الامريكى المترجم
650 0 4 _aالادب العالمى المترجم
942 _2ddc
_cBK
999 _c40175
_d40175